| 000 | 00704nam a22002417a 4500 | ||
|---|---|---|---|
| 003 | DO-SdBNP | ||
| 005 | 20220704095809.0 | ||
| 007 | ta | ||
| 008 | 220504b2017 |||||||| |||| 00| 0 eng d | ||
| 040 |
_aDO-SdBNP _bspa _cBNPHU |
||
| 082 | 4 |
_a775 _bP438m _222 |
|
| 100 | 1 |
_aPérez, Faustino, 1945 _d1945 _981542 |
|
| 245 | 1 | 0 |
_aMutantes de Upsalala / _cFaustino Pérez |
| 260 |
_aSanto Domingo : _bEdiciones Faustino Pérez, _c2017. |
||
| 300 |
_a248 p. : _bil. ; _c24 cm |
||
| 590 | _aInventariado, 2022 / DG | ||
| 650 | 4 |
_aFotografía digital _981543 |
|
| 650 | 4 |
_aArte por computador _981544 |
|
| 650 | 4 |
_aTecnología y arte _981545 |
|
| 653 | _aUn blog personal | ||
| 910 | _aDG | ||
| 942 |
_2ddc _cLBS1 |
||
| 999 |
_c52132 _d52132 |
||